<?xml version="1.0" encoding="UTF-8"?>
<marc:record xmlns:marc="http://www.loc.gov/MARC21/slim">
   <marc:leader>00000nam a2200000 a 4500</marc:leader>
   <marc:datafield ind1="1" ind2=" " tag="100">
      <marc:subfield code="a">David, Thomas</marc:subfield>
      <marc:subfield code="4">aut</marc:subfield>
      <marc:subfield code="e">Verfasser/-in</marc:subfield>
   </marc:datafield>
   <marc:datafield ind1=" " ind2=" " tag="653">
      <marc:subfield code="a">Jugendsachbuch</marc:subfield>
   </marc:datafield>
   <marc:datafield ind1=" " ind2=" " tag="653">
      <marc:subfield code="a">Rembrandt</marc:subfield>
   </marc:datafield>
   <marc:datafield ind1="0" ind2="0" tag="245">
      <marc:subfield code="a">Rembrandt - Belsazar</marc:subfield>
   </marc:datafield>
   <marc:datafield ind1=" " ind2="1" tag="264">
      <marc:subfield code="b">Rowohlt</marc:subfield>
      <marc:subfield code="c">1995</marc:subfield>
   </marc:datafield>
   <marc:datafield ind1="1" ind2=" " tag="520">
      <marc:subfield code="a">Rembrandt Harmensz van Rijn gilt auch als Historienmaler als herausragender Vertreter der niederländischen Malerei des 17. Jahrhunderts. Der Bibeltext um König Belsazar, der von Gott "gewogen und zu leicht befunden" wurde, was sich in einer vernichtenden Flammenschrift an der Wand ausdrückte, wurde von ihm kongenial in Szene gesetzt. Eine Fülle von weiteren Beispielen aus dem Werk des Malers, oft mit Hinweisen auf Arbeitstechniken und -bedingungen, und Bilder von Zeitgenossen belegen den künstlerischen Reichtum der Zeit und illustrieren die Ausführungen der 7 Kapitel, in denen der Autor sich unter Einbeziehung von zeit- und kulturgeschichtlichen Informationen seinem Gegenstand annähert. - Für LeserInnen ab ca. 12 Jahren. Auch für Schulbibliotheken.</marc:subfield>
   </marc:datafield>
   <marc:datafield ind1="3" ind2=" " tag="024">
      <marc:subfield code="a">3499207834</marc:subfield>
   </marc:datafield>
</marc:record>
